En el patio /

Gespeichert in:
Bibliographische Detailangaben
1. Verfasser: Braly, Malcolm (autor)
Weitere Verfasser: Lethem, Jonathan (epílogo) (epílogo)
Format: Buch
Sprache:Spanisch
Veröffentlicht: Barcelona, España : Sajalín, 2012, c2012
Schriftenreihe:(Al Margen Sajalín ; 14)
Schlagworte:
Tags: Tag hinzufügen
Keine Tags, Fügen Sie das erste Tag hinzu!

MARC

LEADER 00000nam^a2200000^a^4500
001 000342058
005 20250521000000.0
009 20260310114542.149
020 |a 978-84-939076-6-2 
037 |a Acervo ITESO - Biblioteca 
041 |a ESP 
082 |a 813.  |b BRA 
100 |a Braly, Malcolm  |e (autor) 
245 1 0 |a En el patio /  |c M. Braly ; epílogo de J. Lethem ; tr. por Damià Alou. 
264 4 |a Barcelona, España :  |b Sajalín,  |c 2012, c2012 
300 |a 453 p. 
336 |a texto  |b txt  |2 rdacontenido 
337 |a sin mediación  |b n  |2 rdamedio 
338 |a volumen  |b nc  |2 rdasoporte 
440 1 |a (Al Margen Sajalín ;  |v 14) 
500 |a Traducción de: On the Yard 
649 |a XX 
650 |a Cárceles y Centros de Readaptación Social en la Literatura 
650 |a Novela Norteamericana 
650 |a Literatura Norteamericana -  |y Siglo XX 
700 |a Lethem, Jonathan  |e (epílogo) 
910 |a Fondo General 
920 |a Impresos - Libros 
930 |a Colección General 
940 |a Literatura 
905 |a 101 
901 |a 0500231967  |b IT1  |c LIT  |i C140308  |u 20250521 
902 |a https://opac.biblio.iteso.mx/vufind/Record/000342058